| 000 | 00657nam a2200193Ia 4500 | ||
|---|---|---|---|
| 999 |
_c49043 _d49043 |
||
| 003 | GCL | ||
| 005 | 20240530104608.0 | ||
| 008 | 140319s9999 xx 000 0 ara d | ||
| 040 |
_aGCL / _cGCL |
||
| 082 | 0 | 4 |
_a780.92/ _bم م |
| 100 | 0 | _aمحمد عبدالوهاب | |
| 245 | 1 | 0 |
_aموسيقار الجيل : _bمحمد عبدالوهاب / _cمحمد عبدالوهاب |
| 260 |
_aالقاهرة : _bالبراعم للانتاج الثقافى، _c[199-]. |
||
| 300 | _a128 ص | ||
| 490 |
_aالسلسلة الفنية المصورة _v0 |
||
| 650 | 0 | 4 | _aالموسيقيون المصريون |
| 650 | 0 | 4 | _aمحمد عبدالوهاب |
| 942 |
_2ddc _cBK |
||